000
00329nam a22001457a 4500
008
180810b xxu||||| |||| 00| 0 eng d
020
_a
9780721694061
041
_a
eng
080
_a
616-053.2
082
_2
4 ED
100
_a
8
101
_a
PED
245
_a
NELSON ESEENTIALS OF PEDIATRICS
_c
BEHRMAN.R.E
942
_2
udc
_c
BK
999
_c
46991
_d
46991